Jeziora w Estonii - nagła śmierć - Statystyki

Ogólne statystyki
  • Ten quiz został rozwiązany 12 razy
  • Średni wynik to 4 z 10
Answers on the Grid
Answers color-coded by a green-red scale on the quiz's grid according to % correct below.
Pejpus
Võrtsjärv
Ülemiste
Saadjärv
Vagula
Suurlaht
Veisjärv
Ernistu
Kuremaa
Endla
Lögurinn
Mývatn
Onega
Ładoga
Saimaa
 
Statystyki odpowiedzi
Odpowiedź % Poprawnych
Pejpus
60%
Saadjärv
60%
Ülemiste
60%
Kuremaa
40%
Suurlaht
40%
Veisjärv
40%
Ernistu
20%
Vagula
20%
Võrtsjärv
20%
Endla
0%
Nie znaleziono quizów pasujących do podanych kryteriów
Rozkład punktacji
Procent ludzi z każdym wynikiem
Percentyl według liczby udzielonych odpowiedzi
Twoja historia wyników
Nie rozwiązałeś tego quizu